000 00568nam a2200181Ia 4500
003 IN-BaIIA
008 211028s9999 xx 000 0 eng d
020 _a0-00-635526-9
040 _cIIA Library
080 _a523.9
_bGRI
100 _aGribbin, John
_910072
245 4 _aThe strangest star
_ba scientific account of the life and death of the sun
_cJohn Gribbin
260 _aLondon
_bFontana Paperbacks
_c1980
300 _a184p.
650 _aNASA Thesaurus
650 _aScience Fiction Stories
_911612
942 _cBK
999 _c6777
_d6777